Statistics for Galway Girl Lyrics - Ed Sheeran

Click here to take the quiz!

General Stats

  • This quiz has been taken 546 times
  • The average score is 357 of 488

Answer Stats

Answer % Correct
the
99%
the
99%
I
99%
I
99%
the
99%
I
99%
the
99%
I
99%
I
99%
the
99%
I
99%
a
99%
I
99%
the
99%
the
99%
a
99%
I
99%
a
99%
I
99%
the
99%
the
99%
I
99%
the
99%
the
99%
the
99%
the
99%
the
99%
the
99%
A
99%
I
99%
the
99%
a
99%
a
99%
I
99%
a
99%
the
99%
I
99%
the
99%
a
99%
a
99%
the
99%
the
99%
the
99%
I
99%
I
99%
the
99%
the
99%
the
99%
an
98%
an
98%
an
98%
an
98%
an
98%
an
98%
an
98%
an
98%
she
97%
with
97%
in
97%
She
97%
She
97%
with
97%
she
97%
in
97%
she
97%
she
97%
she
97%
in
97%
in
97%
she
97%
in
97%
she
97%
with
97%
she
97%
she
97%
With
97%
with
97%
in
97%
she
97%
in
97%
She
97%
in
97%
She
97%
in
97%
She
97%
in
97%
with
97%
She
97%
with
97%
in
97%
with
97%
she
97%
she
97%
in
97%
love
96%
love
96%
love
96%
love
96%
man
95%
man
95%
man
95%
man
95%
fell
94%
Irish
94%
to
94%
to
94%
English
94%
to
94%
to
94%
to
94%
to
94%
To
94%
Irish
94%
fell
94%
Irish
94%
English
94%
fell
94%
Irish
94%
to
94%
to
94%
to
94%
English
94%
English
94%
fell
94%
her
93%
on
93%
her
93%
her
93%
on
93%
on
93%
her
93%
her
93%
her
93%
on
93%
on
93%
her
93%
on
93%
her
93%
her
93%
on
93%
her
93%
her
93%
her
93%
on
93%
her
93%
on
93%
her
93%
on
93%
on?
93%
and
92%
and
92%
and
92%
and
92%
and
92%
and
92%
and
92%
and
92%
And
92%
And
92%
and
92%
And
92%
band
91%
played
91%
band
91%
band
91%
played
91%
played
91%
played
91%
band
91%
took
89%
took
89%
hand,
89%
hand
89%
took
89%
hand
89%
hand
89%
took
89%
hand
89%
took
89%
took
89%
hand
89%
But
88%
me
88%
me
88%
me
88%
me
88%
But
88%
But
88%
me
88%
But
88%
me
88%
me
88%
then
87%
then
87%
Kissed
87%
by
87%
Kissed
87%
by
87%
Kissed
87%
then
87%
Then
87%
then
87%
kissed
87%
Kissed
87%
then
87%
by
87%
then
87%
then
87%
by
87%
Galway
86%
Girl
86%
Girl
86%
Galway
86%
Galway
86%
Galway
86%
Galway
86%
Girl
86%
Girl
86%
Galway
86%
Girl
86%
dance"
86%
Girl
86%
Galway
86%
Galway
86%
Girl
86%
Girl
86%
dance"
86%
Galway
86%
Girl
86%
Girl
86%
dance"
86%
dance"
86%
dance
86%
Galway
86%
Galway
86%
Girl
86%
fiddle
85%
fiddle
85%
fiddle
85%
fiddle
85%
want
84%
my
84%
my,
84%
want
84%
my
84%
My
84%
my
84%
my,
84%
want
84%
want
84%
my,
84%
My,
84%
my,
84%
my,
84%
My,
84%
my,
84%
my
84%
my,
84%
my,
84%
my,
84%
my,
84%
my,
84%
My,
84%
my
84%
my,
84%
my,
84%
my,
84%
my,
84%
My,
84%
My
84%
my,
84%
my
84%
My,
84%
my,
84%
my,
84%
my,
84%
my,
84%
my,
84%
my
84%
My,
84%
my,
84%
want
84%
my,
84%
my,
84%
my,
84%
my,
84%
my,
84%
my
84%
my
84%
my,
84%
my,
84%
my,
84%
just
83%
neck
83%
just
83%
neck
83%
neck
83%
just
83%
neck
83%
just
83%
"Baby,
82%
"Baby,
82%
"Baby,
82%
"Baby,
82%
Said
79%
Said,
79%
Said,
79%
Said,
79%
Said
79%
bar
77%
bar
77%
bar
77%
pretty
73%
little
73%
pretty
73%
little
73%
pretty
73%
little
73%
pretty
73%
little
73%
of
72%
of
72%
of
72%
of
72%
of
72%
You
71%
You
71%
you
71%
You
71%
you
71%
met
70%
so
69%
street
68%
do
68%
was
67%
was
67%
was
67%
was
67%
was
67%
was
67%
As
63%
As
63%
as
63%
guitar
62%
it
61%
at
61%
at
61%
it
61%
at
61%
your
59%
we
59%
out
58%
like
58%
brother
57%
for
56%
drink
56%
for
56%
cigarette
56%
drink
56%
for
56%
shared
55%
song
55%
while
55%
what
54%
one
53%
one
53%
asked
52%
beat
52%
beat
52%
there
52%
beat
52%
friend's
51%
pool
51%
right
50%
room
50%
room
50%
outside
49%
mean,
48%
does
48%
else
48%
nobody
48%
up
47%
darts
47%
up
47%
arm?
47%
Jack
46%
know,
46%
know
46%
know,
46%
shotgun
45%
Grafton
45%
songs,
44%
fun
44%
got
43%
got
43%
table
41%
chaser,
40%
ink
39%
Johnny
38%
night
38%
Oh,
38%
night
38%
riding
38%
put
37%
put
37%
some
37%
some
37%
that
36%
more
36%
that
36%
more,
36%
Gaelic
35%
when
35%
Jamie
35%
wine
35%
wine
35%
Arthur
34%
singing
33%
sweet
33%
singing
33%
mine
32%
were
32%
never
32%
You're
31%
jukebox,
31%
Van
30%
holding
30%
holding
30%
heard
29%
stood
28%
Our
28%
dancing
28%
our
28%
feet
28%
tunes
28%
our
28%
perfect
28%
stool
27%
time
27%
About
26%
ever
26%
I'm
26%
Doritos
25%
cold
25%
last
25%
bottle
24%
using
24%
closing
24%
Chatted
24%
home
24%
smell
23%
After
23%
week
23%
smoke,
23%
inside
23%
called
22%
have
22%
could
22%
fill
22%
write
22%
repeat
22%
swear
21%
air
21%
orders
21%
swear
21%
playing
21%
this
21%
trad
20%
voice
20%
finish
20%
lungs
20%
sang
20%
another
20%
whisky
19%
walked
19%
now
19%
it's
19%
gonna
18%
capella
17%
packed
16%
coats
16%
both
16%
welcome
14%
Carrickfergus
14%
we've
11%
outstayed
11%
Cèilidh
4%
payed
4%

Score Distribution

Percentile by Number Answered

Percent of People with Each Score

Your Score History

You have not taken this quiz